40 Famous Actresses by Picture - Statistics

General Stats
  • This quiz has been taken 1,174 times
  • The average score is 24 of 40
Answer Stats
Picture Answer % Correct
Angelina Jolie
85%
Jennifer Aniston
84%
Emma Stone
83%
Emma Watson
83%
Marilyn Monroe
82%
Zendaya
81%
Julia Roberts
80%
Margot Robbie
79%
Jennifer Lawrence
78%
Scarlett Johansson
78%
Selena Gomez
77%
Anne Hathaway
75%
Meryl Streep
75%
Natalie Portman
72%
Sandra Bullock
67%
Millie Bobby Brown
64%
Nicole Kidman
64%
Megan Fox
63%
Cameron Diaz
61%
Kate Winslet
58%
Gal Gadot
57%
Halle Berry
56%
Audrey Hepburn
55%
Anna Kendrick
53%
Elizabeth Olsen
50%
Mila Kunis
50%
Keira Knightley
49%
Drew Barrymore
48%
Emily Blunt
48%
Jessica Alba
47%
Penélope Cruz
47%
Reese Witherspoon
47%
Amy Adams
45%
Dakota Johnson
45%
Demi Moore
41%
Lisa Kudrow
36%
Betty White
34%
Hilary Swank
27%
Goldie Hawn
26%
Bella Thorne
18%
No matching quizzes found
Score Distribution
Percent of People with Each Score
Percentile by Number Answered
Your Score History
You have not taken this quiz